000 00532nam a2200181 4500
001 126196
003 ES-MaACL
005 20230906192755.0
007 t|
008 070214s1964 sp r ||||1| spa d
245 0 4 _aUna religiosa dominica
_b: en el misterio de Cristo Sacerdote.
260 _aMadrid :
_bStudium,
_c1964.
300 _a177 p. ;
_c19 cm.
490 1 _aColección para religiosas ;
_v6
830 0 _aColección para religiosas ;
_v6
_9184429
852 _aES-MaACL
_jC-25688
_bR.54533
999 _c126196
_d126196